[Event "Mem Jorge Wilson 5th"]
[Site "La Falda"]
[Date "2018.04.30"]
[Round "3.5"]
[White "Lammers, Anton"]
[Black "Avila, Luis"]
[Result "1/2-1/2"]
[WhiteElo "1696"]
[BlackElo "1629"]
[PlyCount "98"]
[EventDate "2018.04.29"]
[EventType "swiss"]
[EventRounds "6"]
[EventCountry "ARG"]
[SourceTitle "EXT 2024"]
[Source "ChessBase"]
[SourceDate "2023.10.10"]
[SourceVersion "1"]
[SourceVersionDate "2023.10.10"]
[SourceQuality "1"]

1. e4 e5 2. f4 d5 3. exd5 Qxd5 4. Nc3 Qa5 5. Nf3 Bg4 6. fxe5 Bxf3 7. Qxf3 Qxe5+ 8. Kd1 Nc6 9. Bb5 0-0-0 10. Bxc6 bxc6 11. Qxc6 Qh5+ 12. Qf3 Qxf3+ 13. gxf3 Bc5 14. Ne4 Bb6 15. d3 Ne7 16. Bd2 h6 17. Re1 Nf5 18. a4 a5 19. b4 axb4 20. Bxb4 Ne3+ 21. Kc1 Ng2 22. Rf1 Rhe8 23. Bd2 Ne3 24. Bxe3 Bxe3+ 25. Kb1 Kb7 26. a5 Ka6 27. Ra4 Rd5 28. Re1 Rb8+ 29. Ka2 Bf4 30. h3 Rdb5 31. Re2 Rb2+ 32. Ka1 R2b5 33. c4 Be5+ 34. Ka2 Rb2+ 35. Rxb2 Rxb2+ 36. Ka3 Rh2 37. Rb4 Rxh3 38. Rb3 Rxf3 39. Nc5+ Ka7 40. Nd7 Bf6 41. Nb8 Be7+ 42. Ka4 Rf6 43. d4 c5 44. d5 Bd6 45. Nc6+ Ka8 46. a6 Rf1 47. Re3 Ra1+ 48. Kb5 Rb1+ 49. Ka4 Ra1+ 1/2-1/2